| 000 | 00940cam a2200181 4500 | ||
|---|---|---|---|
| 001 | WB3747-22 | ||
| 008 | 011211n2001 000 0 eng u | ||
| 035 | _a(Sirsi) u115961 | ||
| 245 | _aInsurance regulation overhaul | ||
| 260 | _c2001 | ||
| 490 |
_aFSA Press Release _v3 December 2001, (3) |
||
| 520 | _aThe Financial Services Authority (FSA) has set out its plan for far reaching changes to the regulation of the UK's insurance industry. The Tiner Project will take forward the FSA's work to strengthen insurance regulation in the UK. Among the changes to regulation planned are: strengthening the disclosure scheme, and subjecting insurance companies to more pro-active and challenging regulation than in the past. A full report on the progress of the Tiner Project is expected by September 2002. | ||
| 590 | _aWB | ||
| 650 | _aFINANCIAL SERVICES AUTHORITY | ||
| 650 | _aREGULATION | ||
| 690 |
_aInsurance _96249 |
||
| 942 | _n0 | ||
| 999 |
_c69083 _d69083 |
||